Images That End in 'UE' Quiz Stats

 Plays Quiz Updated Nov 8, 2017

Score 0/18 Timer 03:00
2 Plays Today
% Correct
Glue
99.2%
Tissue
97.3%
Tongue
95.9%
Fondue
93.3%
Cue
85.4%
Rescue
84.2%
Blue
79.3%
Argue
77.4%
Barbecue
77%
% Correct
League
76.1%
Queue
74.2%
Plaque
71.8%
Clue
69.9%
Meringue
55.7%
Burlesque
52.1%
Mystique
31.7%
Synagogue
30.4%
Macaque
19.8%

You're not logged in!

Compare scores with friends on all Sporcle quizzes.
OR
Log In

Show Comments

Extras

Top Quizzes Today


Score Distribution

Your Account Isn't Verified!

In order to create a playlist on Sporcle, you need to verify the email address you used during registration. Go to your Sporcle Settings to finish the process.

Report this User

Report this user for behavior that violates our Community Guidelines.

Details: